000 002810000a22000970004500
100 1 _aRamírez, Alonzo
245 1 0 _aEl movimiento de escuela dominical y la niñez trabajadora
300 _aVol. 17, Num 1 (Junio, 1997), Páginas 109-121
773 0 _tVida y pensamiento
942 _cANA
999 _c53076
_d53076